MARC

LEADER 00000nam0a2200000 4500
001 272173
005 20231101234516.0
020 |a RU  |b 87-34685 
035 |a (RuTPU)RU\TPU\book\295379 
090 |a 272173 
100 |a 20141015d1987 k y0rusy5003 ca 
101 0 |a rus 
102 |a UA 
105 |a a z 001zy 
200 1 |a Координационные соединения 3 d-переходных металлов с молекулярным кислородом  |f Ю. И. Братушко  |g Академия наук Украинской ССР (АН УССР), Институт физической химии им. Л. В. Писаржевского 
210 |a Киев  |c Наукова думка  |d 1987 
215 |a 167 с.  |c ил. 
320 |a Библиогр.: с. 149-166 (360 назв.) 
606 1 |a Металлы переходные  |x Комплексные соединения  |x Химия  |2 stltpush  |3 (RuTPU)RU\TPU\subj\75064  |9 86945 
610 1 |a соединения 
610 1 |a переходные металлы 
610 1 |a молекулярный кислород 
610 1 |a физико-химические свойства 
610 1 |a реакционная способность 
675 |a 546.302  |z rus  |v 3 
700 1 |a Братушко  |b Ю. И.  |g Юлия Иосифовна 
712 0 2 |a Академия наук Украинской ССР (АН УССР)  |b Институт физической химии им. Л. В. Писаржевского  |2 stltpush  |3 (RuTPU)RU\TPU\col\11861 
801 0 |a RU  |b RuMRKP  |c 19950417  |g psbo 
801 1 |a RU  |b 63413507  |c 20141015 
801 2 |a RU  |b 63413507  |c 20161223  |g RCR 
942 |c BK